Aktuelle Tendenzen der Wohnungsmarktentwicklung in Deutschland.
Problémy s trhom bytov v západných spolkových krajinách SRN od r. 1987, v súvislosti so silným prílivom obyvateľstva. Vývoj počtu domácností a požiadavky na byty. Problémy bývania v nových spolkových krajinách. Vyrovnávanie bytových podmienok v západnej a východnej časti krajiny.
Enregistré dans:
| Auteur principal: | |
|---|---|
| Autres auteurs: | , |
| Format: | Chapitre de livre |
| Langue: | allemand |
| Sujets: | |
| Tags: |
Pas de tags, Soyez le premier à ajouter un tag!
|
MARC
| LEADER | 00000naa a2200000 4500 | ||
|---|---|---|---|
| 001 | r008917 | ||
| 005 | 20221130103240.6 | ||
| 041 | 0 | |a ger | |
| 044 | |a DE | ||
| 245 | 1 | 0 | |a Aktuelle Tendenzen der Wohnungsmarktentwicklung in Deutschland. |c B. Bartholmai, M. Melzer, Eberhard Schulz |
| 520 | |a Problémy s trhom bytov v západných spolkových krajinách SRN od r. 1987, v súvislosti so silným prílivom obyvateľstva. Vývoj počtu domácností a požiadavky na byty. Problémy bývania v nových spolkových krajinách. Vyrovnávanie bytových podmienok v západnej a východnej časti krajiny. | ||
| 610 | 2 | 0 | |a byty |
| 610 | 2 | 0 | |a trh |
| 610 | 2 | 0 | |a bývanie |
| 610 | 2 | 0 | |a Nemecko |
| 610 | 2 | 0 | |a imigrácia |
| 610 | 2 | 0 | |a domácnosti |
| 610 | 2 | 0 | |a údaje štatistické |
| 100 | 1 | |a Bartholmai, B. | |
| 700 | 1 | |a Melzer, M. | |
| 700 | 1 | |a Schulz, Eberhard | |